000 00437nam a22001457a 4500
082 _a690
_bBUI
_cL-14, P-26
100 _aD. S. & I. R
_945037
245 _aBuilding research board 1946
_cD. S. & I. R
260 _alondon
_bHis Majesty's stationery office
_c1949
300 _aiv, 52 p.
_bill.
_c25 cm
526 _a0
_b0
_c0
_d690_000000000000000_BUI
526 _a0
_b0
_c0
_d690_000000000000000_BUI
650 _aMCE
_9379
942 _2ddc
_cBK
999 _c548647
_d548647